000 00435nam a22001577a 4500
003 OSt
005 20260325101120.0
008 260325b |||||||| |||| 00| 0 eng d
020 _a9788123921877
040 _cIIMT UNIVERSITY MEERUT
100 _a Sethi P.D.
245 _aSethi`s Quantitative Analysis Of Pharmaceutical Formulations VOL.-4
260 _aNEW DELHI
_bCBS Publishers & Distributors
300 _a462
942 _2ddc
_c01
999 _c67570
_d67570